El proceso de alcoholización. Revisión crítica de la producción socioantropológica, histórica y biomédica en América Latina /

Sábháilte in:
Sonraí bibleagrafaíochta
Príomhchruthaitheoir: Menendez, Eduardo L.
Formáid: Téacs
Ábhair:
Clibeanna: Cuir clib leis
Níl clibeanna ann, Bí ar an gcéad duine le clib a chur leis an taifead seo!

MARC

LEADER 00000 a a2200000 04500
001 47620
003
040
090 |a REV0857 8 (22) 1982  
100 |a Menendez, Eduardo L.  
245 |a El proceso de alcoholización. Revisión crítica de la producción socioantropológica, histórica y biomédica en América Latina /  |c Eduardo L. Menendez  
650 |a ALCOHOLISMO  
650 |a ANTROPOLOGIA CULTURAL  
650 |a SOCIOLOGIA  
650 |a ANALISIS DE INSPECCION  
650 |a AMERICA LATINA  
773 |g volumen8, número22, mayo-agosto (1982)  
999 |c 24388  |d 24388